000 01114nam a2200277Ia 4500
001 ebr10085708
003 CaPaEBR
006 m u
007 cr cn|||||||||
008 000815s2005 enk s 000 0 eng d
020 _z1845441036
040 _aCaPaEBR
_cCaPaEBR
035 _a(OCoLC)133169296
050 1 4 _aHD62.35
_b.N49 2005eb
245 0 0 _aNew localism and regeneration management
_h[electronic resource] /
_cGuest editor: Jon Coaffee.
260 _aBradford, England :
_bEmerald Group Publishing,
_cc2005.
300 _a86 p.
490 0 _aInternational journal of public sector management ;
_vv.18, no. 2
533 _aElectronic reproduction.
_bPalo Alto, Calif. :
_cebrary,
_d2009.
_nAvailable via World Wide Web.
_nAccess may be limited to ebrary affiliated libraries.
650 0 _aGovernment business enterprises.
650 0 _aPublic administration.
655 7 _aElectronic books.
_2local
700 1 _aCoaffee, Jon.
710 2 _aebrary, Inc.
856 4 0 _uhttp://site.ebrary.com/lib/rucke/Doc?id=10085708
_zAn electronic book accessible through the World Wide Web; click to view
999 _c49822
_d49822